Světelský oltář /
Práce je věnována vzácné památce středověké pozdně gotické plastiky v kostelíku v Adamově u Brna-monumentálnímu dřevěnému oltářnímu reliéfu Nanebevzetí P. Marie, který je pouhým torzem původního oltáře cisterciáckéhoklášterního kostela v dolnorakouském Zwettlu (Světlá-odtud název oltáře). Autor líčí...
| Hlavní autor: | Hlobil, Ivo, 1942-2021 |
|---|---|
| Jazyk: | Ruština Němčina Čeština |
| Vydáno: |
Praha : Odeon, 1974 |
| Vydání: | 1. vyd. |
| Edice: |
Galerie Obelisk (Odeon)
|
| Témata: | |
| Fyzický popis: |
[12] s. : 16 s. fot. příl. ; fol. |
|
| LEADER | 01758nam a2200313 a 4500 | ||
|---|---|---|---|
| 001 | 000469566 | ||
| 003 | CZ BrMZK | ||
| 005 | 20220719064603.0 | ||
| 008 | 970311s1974 xr f cze d | ||
| 015 | |a cnb000463388 | ||
| 035 | |a (OCoLC)42111833 | ||
| 040 | |a BOA001 |b cze | ||
| 041 | 1 | |a cze |a ger |a rus |h cze | |
| 080 | |a 779.247.2(437.223-21 Adamov) |2 MRF | ||
| 100 | 1 | |a Hlobil, Ivo, |d 1942-2021 |7 jk01041313 |4 aut | |
| 245 | 1 | 0 | |a Světelský oltář / |c Ivo Hlobil ; [Souběž.] překlady textu do něm. A. Rykl, do ruš. V. Boturová ; Fot.: B. Končinský, V. Fyman, I. Muchka |
| 250 | |a 1. vyd. | ||
| 260 | |a Praha : |b Odeon, |c 1974 | ||
| 300 | |a [12] s. : |b 16 s. fot. příl. ; |c fol. | ||
| 490 | 1 | |a Galerie Obelisk | |
| 500 | |a Souběž. něm. a rus. název a vysvětl. k fot. příl. | ||
| 500 | |a 5000 výt. | ||
| 500 | |a S obr. v textu | ||
| 520 | 2 | |a Práce je věnována vzácné památce středověké pozdně gotické plastiky v kostelíku v Adamově u Brna-monumentálnímu dřevěnému oltářnímu reliéfu Nanebevzetí P. Marie, který je pouhým torzem původního oltáře cisterciáckéhoklášterního kostela v dolnorakouském Zwettlu (Světlá-odtud název oltáře). Autor líčí okolnosti, za jakých se památka dostala na naše území, rekonstruuje původní podobu oltáře a věnuje se rozboru ikonografické složky reliéfu vceloevropském kontextu. Připojené snímky evokují v detailních pohledech tvarové bohatství a výrazovou působivost reliéfu. | |
| 830 | 0 | |a Galerie Obelisk (Odeon) |0 s | |
| 910 | |a BOA001 |b 5-0721.697 | ||
| 964 | |a Adamov u Brna - kostel - Světelský oltář - studie a fotografie | ||
| 990 | |a BK | ||
| 996 | 6 | |b 2619746114 |c 5-0721.697 |l MZK |r DEP / do 15 dnů |n 6 |w 000469566 |u 000010 |a 240 |e BOA001 |j MZK50 |s P | |
English
Čeština 